02208 a2200217 45000010006000000050017000060080041000230030015000640400040000790800073001192450068001922640029002603000019002895051416003081000019017247000020017437000022017637000023017857000030018088560152018382928220260407155602.0260407a1950 arg spa dAR-UNSa-BCEJYS aAR-UNSa-BCEJYSbspacAR-UNSa-BCEJYS a657.3xPresupuestos. Cierre de Cuentas. Balances (Estados Contables)10aMétodos de verificación de balances y revisión de cuentas 1aBarcelona :bLaborc1950 a531 p.c23 cm. a1. El aspirante a contador público – 2. El contador público y su función - 3. Primeros pasos en la profesión. Ambiente en las oficinas de contadores públicos – 4. Expedientes de las intervenciones – 5. Proceso de la revisión – 6. Diferencias en balances de comprobación – 7. Balances de comprobación – 8. Proceso de verificación. Facturas de venta, devoluciones y bonificaciones – 9. Gastos pagados por anticipado – 10. Ventas al contado, fondos de caja, saldos en banco – 11. Justificantes de pago. Análisis de cuenta - 12. Razones que aconsejan la verificación – 13. Información preliminar antes de la verificación – 14. Estudio del control interno en la empresa – 15. Casos particulares y modo de completar la verificación – 16. Cartera de títulos. Valores inmateriales. Fondos especiales – 17. Cuentas personales deudoras – 18. Mercancías. Gastos diferidos – 19. Activo inmovilizado – 20. Cuentas personales acreedoras – 21. Reserva. Obligaciones eventuales – 22. Verificación completa: cuentas de productos – 23. Verificación completa: cuentas de gastos - 24. Actas. Contratos especiales – 25. Balance de situación e informe de resultados – 26. Certificación e informes – 27. Contabilidad de sucursales. Sociedades no anónimas. Consolidación de cuentas – 28. Preparacion de presupuestos de balance y resultados.1 aBacas, Paul E.1 aMadden, John T.1 aSanz Darnis, Luis1 aSanz, Angel Andany1 aRosenkampff, Arthur Henry41uhttps://biblioeco.unsa.edu.ar/pmb/images/libros/Metodos de Verificacion de Balances y Revision de Cuentas-l22889.jpgyImagen de portadaqimage/jpeg